<?xml version="1.0" encoding="UTF-8"?>
<marc:record xmlns:marc="http://www.loc.gov/MARC21/slim">
   <marc:leader>00000nam a2200000 a 4500</marc:leader>
   <marc:datafield ind1="1" ind2=" " tag="100">
      <marc:subfield code="a">Schröder, Alena</marc:subfield>
      <marc:subfield code="4">aut</marc:subfield>
      <marc:subfield code="e">Verfasser/-in</marc:subfield>
   </marc:datafield>
   <marc:datafield ind1="0" ind2="0" tag="245">
      <marc:subfield code="a">Alles muss man selber falsch machen</marc:subfield>
   </marc:datafield>
   <marc:datafield ind1="0" ind2="0" tag="245">
      <marc:subfield code="c">Alena Schröder</marc:subfield>
   </marc:datafield>
   <marc:datafield ind1=" " ind2="1" tag="264">
      <marc:subfield code="a">München</marc:subfield>
      <marc:subfield code="b">dtv Verlagsgesellschaft</marc:subfield>
      <marc:subfield code="c">2025</marc:subfield>
   </marc:datafield>
   <marc:datafield ind1=" " ind2=" " tag="250">
      <marc:subfield code="a">1. Auflage</marc:subfield>
   </marc:datafield>
   <marc:datafield ind1="1" ind2=" " tag="520">
      <marc:subfield code="a">Über die Skurrilitäten des Alltags und den ganz normalen Wahnsinn &#xD;
Bestsellerautorin Alena Schröder ist nicht nur für ihre erfolgreichen Familien- und Generationenromane bekannt, sie hat sich auch schon früh als Kolumnistin einen Namen gemacht. In der kurzen Form gibt sie Einblick in ihren höchst unterhaltsamen Alltag.&#xD;
Komplizierte Muttergefühle, skurrile Lieblingstiere, besserwisserische Eltern, die heilende Kraft des Popsongs und die Frage, wie man es bei Candy Crush bis Level 100 schaffen konnte – all diesen Themen (und natürlich vielen mehr) widmet sich Alena Schröder in dieser Sammlung ihrer besten Kolumnen, der sie aber auch neue unveröffentlichte Texte hinzufügt.&#xD;
Eine heitere, nachdenkliche, kluge und oft einfach hochkomische Lektüre.</marc:subfield>
   </marc:datafield>
   <marc:datafield ind1=" " ind2=" " tag="020">
      <marc:subfield code="a">9783423284738</marc:subfield>
      <marc:subfield code="9">9783423284738</marc:subfield>
   </marc:datafield>
   <marc:datafield ind1=" " ind2=" " tag="020">
      <marc:subfield code="a">3423284730</marc:subfield>
      <marc:subfield code="9">3423284730</marc:subfield>
   </marc:datafield>
   <marc:datafield ind1=" " ind2=" " tag="041">
      <marc:subfield code="a">ger</marc:subfield>
   </marc:datafield>
   <marc:datafield ind1=" " ind2=" " tag="300">
      <marc:subfield code="a">221 Seiten</marc:subfield>
   </marc:datafield>
</marc:record>
